| 000 | 01213nam a22002057a 4500 | ||
|---|---|---|---|
| 003 | BD-DhUL | ||
| 005 | 20240118101545.0 | ||
| 008 | 240118s2023 bg |||| mb|| 000 0 ben d | ||
| 040 |
_aBD-DhUL _cBD-DhUL |
||
| 082 |
_a892.7134 _bKAI |
||
| 100 | 1 | _aকাদির, মো: আব্দুল। | |
| 245 | 0 |
_aইমাম শাফে'য়ী(র.)- এর কবিতার বিষয় ও প্রকরণ বিশ্লেষণ = Analysis of the content and form of Imam Shafi'i's poetry / _cমো: আব্দুল কাদির। _h[এমফিল অভিসন্দর্ভ] |
|
| 260 |
_aঢাকা : _bঢাকা বিশ্ববিদ্যালয়, _c২০২৩। |
||
| 300 |
_ax, ২১৯ পৃ. ; _c৩০ সেমি. |
||
| 504 | _aগ্রন্থপঞ্জি: পৃ. ২১৬-২১৯। | ||
| 505 | _aঅভিসন্দর্ভ (এমফিল)-- আরবী বিভাগ, ঢাকা বিশ্ববিদ্যালয়, শিক্ষাবর্ষ: ২০১৮-২০১৯ | ||
| 650 | 4 |
_aআরবী কবিতা _xইতিহাস ও সমালোচনা। |
|
| 650 | 4 | _aArabic poetry | |
| 942 |
_2ddc _cREF |
||
| 999 |
_c258904 _d258904 |
||